| 000 | 00394cam a22001217a 4500 | ||
|---|---|---|---|
| 008 | 180718b1975 xxu||||| |||| 00| 0 eng d | ||
| 082 | _aT4125 B223 | ||
| 100 | _aBanerjee, Mrityunjoy | ||
| 245 |
_aInflation: causes and cure, with special reference to developing countries _cby Mrityunjoy Banerjee |
||
| 260 |
_aCalcutta _bWorld Press _c1975 |
||
| 300 | _a319p. | ||
| 650 | _aInflation and deflation | ||
| 999 |
_c340639 _d340639 |
||